Kríza konfekcie na Slovensku

Zánik domácej produkcie konfekcie. Umelé zvyšovanie spotreby lacného oblečenia. Tlak na znižovanie výrobných nákladov. Chýbajúce obchody s faire trade oblečením. Originálne výrobky slovenských dizajnérov. Vysoká móda a ručne šité odevy.

Uložené v:
Podrobná bibliografia
Hlavný autor: Lászlóová, Klaudia
Médium: Kapitola
Jazyk:Slovak
Predmet:
Tagy: Pridať tag
Žiadne tagy, Buďte prvý, kto otaguje tento záznam!

MARC

LEADER 00000naa a2200000 4500
001 0207049
005 20231113083613.8
041 0 |a slo 
044 |a SK 
245 1 0 |a Kríza konfekcie na Slovensku  |c Klaudia Lászlóová 
520 |a Zánik domácej produkcie konfekcie. Umelé zvyšovanie spotreby lacného oblečenia. Tlak na znižovanie výrobných nákladov. Chýbajúce obchody s faire trade oblečením. Originálne výrobky slovenských dizajnérov. Vysoká móda a ručne šité odevy. 
610 2 0 |a odevy 
610 2 0 |a priemysel odevný 
610 2 0 |a konfekcia 
610 2 0 |a výroba ručná 
610 2 0 |a dizajnéri 
610 2 0 |a náklady a ceny 
610 2 0 |a obchod 
610 2 0 |a Slovensko 
100 1 |a Lászlóová, Klaudia